zpět

Detail výsledku týmu

Repuls, Hodonín

Datum a čas kvízu

36.5 Celkem bodů Celkový počet nahraných bodů na tomto kvízu bez doplňovacích otázek.
1. Pořadí na kvízu Konečné umístění týmu na tomto kvízu.

Zaznamenané odpovědi

# Otázka Odpověď Body Výsledky
1. Minulý týden tisk informoval o... velomobil 1
2. Premiérem které země se stal R... Nizozemska 0
3. Minulý týden jsme se dozvěděli... Yungblud 1
4. V pátek byla oznámena fúze dvo... Paramount (Skydance), Warner Bros. (Discovery) 1
5. Ze kterých měst pocházejí týmy... Mladá Boleslav, Praha 0.5
6. Název „Pyrenejský poloostrov“... Iberský poloostrov 0
7. Vyberte správné tvrzení týkají... A 0
8. Níže vidíte na mapě jisté auto... Andalusie, Sevilla 0.5
9. Jak se jmenuje portugalský mys... C 0
10. Poslední otázka se týká města... Porto 0